000 00544nam a2200193Ia 4500
008 231221s9999 xx 000 0 und d
020 _a9780000000000
041 _aEnglish
082 _a658.076 MUN;7
100 _aMuneer, Muhammed.Venkataramani,G. Regina, C A.
245 0 _aHow to prepare for the CAT : common admission test
250 _a3rd ed.
260 _c2007
_bTMH
_aNew Delhi
300 _axiii, 551
300 _c68412
440 _aTata Mcgraw-hill winning edge series
650 _aprepare,CAT,admission
942 _cCD
999 _c211740
_d211740